<?xml version="1.0" encoding="UTF-8"?>
<record
    xmlns:xsi="http://www.w3.org/2001/XMLSchema-instance"
    xsi:schemaLocation="http://www.loc.gov/MARC21/slim http://www.loc.gov/standards/marcxml/schema/MARC21slim.xsd"
    xmlns="http://www.loc.gov/MARC21/slim">

  <leader>01916nam0a22003851  4500</leader>
  <controlfield tag="001">rc\3009597</controlfield>
  <controlfield tag="005">20260406151905.0</controlfield>
  <datafield tag="035" ind1=" " ind2=" ">
    <subfield code="a">(NLR Aleph) 007152213</subfield>
  </datafield>
  <datafield tag="090" ind1=" " ind2=" ">
    <subfield code="a">7163466</subfield>
    <subfield code="c">7163466</subfield>
  </datafield>
  <datafield tag="100" ind1=" " ind2=" ">
    <subfield code="a">20110923d1936    |||y0rusy50      ca</subfield>
  </datafield>
  <datafield tag="101" ind1="1" ind2=" ">
    <subfield code="a">rus</subfield>
  </datafield>
  <datafield tag="102" ind1=" " ind2=" ">
    <subfield code="a">RU</subfield>
  </datafield>
  <datafield tag="105" ind1=" " ind2=" ">
    <subfield code="a">c   z   |||||</subfield>
  </datafield>
  <datafield tag="200" ind1="1" ind2=" ">
    <subfield code="a">&#x421;&#x442;&#x438;&#x445;&#x43E;&#x442;&#x432;&#x43E;&#x440;&#x435;&#x43D;&#x438;&#x44F;</subfield>
    <subfield code="f">&#x428;&#x438;&#x43B;&#x43B;&#x435;&#x440;</subfield>
    <subfield code="g">&#x41F;&#x435;&#x440;.: &#x410;. &#x413;&#x440;&#x438;&#x433;&#x43E;&#x440;&#x44C;&#x435;&#x432;&#x430;, &#x412;. &#x416;&#x443;&#x43A;&#x43E;&#x432;&#x441;&#x43A;&#x43E;&#x433;&#x43E;, &#x412;. &#x41A;&#x443;&#x440;&#x43E;&#x447;&#x43A;&#x438;&#x43D;&#x430;, &#x410;. &#x41C;&#x430;&#x439;&#x43A;&#x43E;&#x432;&#x430;, &#x41C;. &#x41C;&#x438;&#x445;&#x430;&#x439;&#x43B;&#x43E;&#x432;&#x430;, &#x410;. &#x41F;&#x443;&#x448;&#x43A;&#x438;&#x43D;&#x430;, &#x410;. &#x424;&#x435;&#x442;&#x430;</subfield>
    <subfield code="g">&#x41D;&#x43E;&#x432;&#x44B;&#x435; &#x43F;&#x435;&#x440;.: &#x410;.&#x421;. &#x41A;&#x43E;&#x447;&#x435;&#x442;&#x43A;&#x43E;&#x432;&#x430;</subfield>
  </datafield>
  <datafield tag="210" ind1=" " ind2=" ">
    <subfield code="a">&#x41C;&#x43E;&#x441;&#x43A;&#x432;&#x430;</subfield>
    <subfield code="c">&#x413;&#x43E;&#x441;&#x43B;&#x438;&#x442;&#x438;&#x437;&#x434;&#x430;&#x442;</subfield>
    <subfield code="d">1936</subfield>
    <subfield code="g">17 &#x444;-&#x43A;&#x430; &#x43D;&#x430;&#x446;. &#x43A;&#x43D;&#x438;&#x433;&#x438; &#x442;&#x440;&#x435;&#x441;&#x442;&#x430; "&#x41F;&#x43E;&#x43B;&#x438;&#x433;&#x440;&#x430;&#x444;&#x43A;&#x43D;&#x438;&#x433;&#x430;"</subfield>
  </datafield>
  <datafield tag="215" ind1=" " ind2=" ">
    <subfield code="a">&#x41F;&#x435;&#x440;&#x435;&#x43F;&#x43B;&#x435;&#x442;, 275 &#x441;.</subfield>
    <subfield code="c">&#x43F;&#x43E;&#x440;&#x442;&#x440;.</subfield>
    <subfield code="d">21&#x445;14 &#x441;&#x43C;</subfield>
  </datafield>
  <datafield tag="327" ind1="0" ind2=" ">
    <subfield code="a">&#x412;&#x441;&#x442;&#x443;&#x43F;. &#x441;&#x442;&#x430;&#x442;&#x44C;&#x44F;: "&#x424;&#x440;&#x438;&#x434;&#x440;&#x438;&#x445; &#x428;&#x438;&#x43B;&#x43B;&#x435;&#x440;". &#x424;&#x440;&#x430;&#x43D;&#x446; &#x428;&#x438;&#x43B;&#x43B;&#x435;&#x440;</subfield>
  </datafield>
  <datafield tag="464" ind1=" " ind2="0">
    <subfield code="1">2001#$a&#x424;&#x440;&#x438;&#x434;&#x440;&#x438;&#x445; &#x428;&#x438;&#x43B;&#x43B;&#x435;&#x440;</subfield>
    <subfield code="1">700#1$a&#x428;&#x438;&#x43B;&#x43B;&#x435;&#x440;$b&#x424;.$g&#x424;&#x440;&#x430;&#x43D;&#x446;$4070</subfield>
    <subfield code="t">&#x424;&#x440;&#x438;&#x434;&#x440;&#x438;&#x445; &#x428;&#x438;&#x43B;&#x43B;&#x435;&#x440;</subfield>
    <subfield code="a">&#x428;&#x438;&#x43B;&#x43B;&#x435;&#x440;, &#x424;&#x440;&#x430;&#x43D;&#x446;</subfield>
  </datafield>
  <datafield tag="700" ind1=" " ind2="1">
    <subfield code="a">&#x428;&#x438;&#x43B;&#x43B;&#x435;&#x440;</subfield>
    <subfield code="b">&#x424;.</subfield>
    <subfield code="f">1759-1805</subfield>
    <subfield code="g">&#x424;&#x440;&#x438;&#x434;&#x440;&#x438;&#x445;</subfield>
  </datafield>
  <datafield tag="702" ind1=" " ind2="1">
    <subfield code="a">&#x413;&#x440;&#x438;&#x433;&#x43E;&#x440;&#x44C;&#x435;&#x432;</subfield>
    <subfield code="b">&#x410;.&#x410;.</subfield>
    <subfield code="g">&#x410;&#x43F;&#x43E;&#x43B;&#x43B;&#x43E;&#x43D; &#x410;&#x43D;&#x434;&#x440;&#x435;&#x435;&#x432;&#x438;&#x447;</subfield>
    <subfield code="4">730</subfield>
  </datafield>
  <datafield tag="702" ind1=" " ind2="1">
    <subfield code="4">730</subfield>
    <subfield code="8">rus</subfield>
    <subfield code="7">ca</subfield>
    <subfield code="a">&#x416;&#x443;&#x43A;&#x43E;&#x432;&#x441;&#x43A;&#x438;&#x439;</subfield>
    <subfield code="b">&#x412;. &#x410;.</subfield>
    <subfield code="f">1783-1852</subfield>
    <subfield code="c">&#x43F;&#x43E;&#x44D;&#x442;</subfield>
    <subfield code="g">&#x412;&#x430;&#x441;&#x438;&#x43B;&#x438;&#x439; &#x410;&#x43D;&#x434;&#x440;&#x435;&#x435;&#x432;&#x438;&#x447;</subfield>
    <subfield code="3">RU\NLR\AUTH\775529</subfield>
    <subfield code="9">115493</subfield>
  </datafield>
  <datafield tag="702" ind1=" " ind2="1">
    <subfield code="a">&#x41A;&#x443;&#x440;&#x43E;&#x447;&#x43A;&#x438;&#x43D;</subfield>
    <subfield code="b">&#x412;.</subfield>
    <subfield code="4">730</subfield>
  </datafield>
  <datafield tag="702" ind1=" " ind2="1">
    <subfield code="a">&#x41C;&#x430;&#x439;&#x43A;&#x43E;&#x432;</subfield>
    <subfield code="b">&#x410;.</subfield>
    <subfield code="4">730</subfield>
  </datafield>
  <datafield tag="702" ind1=" " ind2="1">
    <subfield code="a">&#x41C;&#x438;&#x445;&#x430;&#x439;&#x43B;&#x43E;&#x432;</subfield>
    <subfield code="b">&#x41C;.</subfield>
    <subfield code="4">730</subfield>
  </datafield>
  <datafield tag="702" ind1=" " ind2="1">
    <subfield code="4">730</subfield>
    <subfield code="8">rus</subfield>
    <subfield code="7">ca</subfield>
    <subfield code="a">&#x41F;&#x443;&#x448;&#x43A;&#x438;&#x43D;</subfield>
    <subfield code="b">&#x410;. &#x421;.</subfield>
    <subfield code="c">&#x43F;&#x43E;&#x44D;&#x442;</subfield>
    <subfield code="f">1799-1837</subfield>
    <subfield code="g">&#x410;&#x43B;&#x435;&#x43A;&#x441;&#x430;&#x43D;&#x434;&#x440; &#x421;&#x435;&#x440;&#x433;&#x435;&#x435;&#x432;&#x438;&#x447;</subfield>
    <subfield code="3">RU\NLR\AUTH\77386</subfield>
    <subfield code="9">110441</subfield>
  </datafield>
  <datafield tag="702" ind1=" " ind2="1">
    <subfield code="a">&#x424;&#x435;&#x442;</subfield>
    <subfield code="b">&#x410;.&#x410;.</subfield>
    <subfield code="f">1820-1892</subfield>
    <subfield code="g">&#x410;&#x444;&#x430;&#x43D;&#x430;&#x441;&#x438;&#x439; &#x410;&#x444;&#x430;&#x43D;&#x430;&#x441;&#x44C;&#x435;&#x432;&#x438;&#x447;</subfield>
    <subfield code="4">730</subfield>
  </datafield>
  <datafield tag="702" ind1=" " ind2="1">
    <subfield code="a">&#x41A;&#x43E;&#x447;&#x435;&#x442;&#x43A;&#x43E;&#x432;</subfield>
    <subfield code="b">&#x410;.&#x421;.</subfield>
    <subfield code="4">730</subfield>
  </datafield>
  <datafield tag="702" ind1=" " ind2="1">
    <subfield code="a">&#x428;&#x438;&#x43B;&#x43B;&#x435;&#x440;</subfield>
    <subfield code="b">&#x424;.</subfield>
    <subfield code="g">&#x424;&#x440;&#x430;&#x43D;&#x446;</subfield>
    <subfield code="4">730</subfield>
  </datafield>
  <datafield tag="801" ind1=" " ind2="0">
    <subfield code="a">RU</subfield>
    <subfield code="b">NLR</subfield>
    <subfield code="g">psbo</subfield>
  </datafield>
  <datafield tag="801" ind1=" " ind2="1">
    <subfield code="a">RU</subfield>
    <subfield code="b">ELAR</subfield>
    <subfield code="2">rusmarc</subfield>
  </datafield>
  <datafield tag="852" ind1=" " ind2=" ">
    <subfield code="a">NLR</subfield>
    <subfield code="j">36-3/984</subfield>
  </datafield>
  <datafield tag="852" ind1=" " ind2=" ">
    <subfield code="a">NLR</subfield>
    <subfield code="b">&#x41B;</subfield>
    <subfield code="j">60 &#x412;-3/120</subfield>
  </datafield>
  <datafield tag="942" ind1=" " ind2=" ">
    <subfield code="c">BOOK</subfield>
  </datafield>
  <datafield tag="980" ind1=" " ind2=" ">
    <subfield code="a">NB</subfield>
  </datafield>
  <datafield tag="995" ind1=" " ind2=" ">
    <subfield code="5">2013-10-26</subfield>
    <subfield code="b">NLR02</subfield>
    <subfield code="c">NLR02</subfield>
    <subfield code="e">RFS</subfield>
    <subfield code="f">1-4372187</subfield>
    <subfield code="k">36-3/984</subfield>
    <subfield code="o">0</subfield>
    <subfield code="r">BOOK</subfield>
    <subfield code="s">363984_</subfield>
  </datafield>
  <datafield tag="995" ind1=" " ind2=" ">
    <subfield code="5">2013-10-26</subfield>
    <subfield code="b">NLR02</subfield>
    <subfield code="c">NLR02</subfield>
    <subfield code="e">RFS</subfield>
    <subfield code="f">7152213-20</subfield>
    <subfield code="k">&#x41B; 60 &#x412;-3/120</subfield>
    <subfield code="o">0</subfield>
    <subfield code="r">BOOK</subfield>
    <subfield code="s">_603120</subfield>
  </datafield>
</record>
